[Event "BCF-ch AM U1600 op"]
[Site "Hull"]
[Date "2024.08.03"]
[Round "6"]
[White "Smith, David W"]
[Black "Eagle, Joe"]
[Result "1/2-1/2"]
[WhiteElo "1516"]
[BlackElo "1513"]
[PlyCount "29"]
[EventDate "2024.07.29"]
[EventType "swiss"]
[EventRounds "6"]
[EventCountry "ENG"]
[SourceTitle "CBM 221 Extra"]
[Source "ChessBase"]
[SourceDate "2024.09.30"]
[SourceVersion "1"]
[SourceVersionDate "2024.09.30"]
[SourceQuality "1"]

1. e4 e6 2. d4 d5 3. exd5 exd5 4. Bd3 Bd6 5. Qe2+ Ne7 6. Nf3 0-0 7. 0-0 Nbc6 8. c3 Bf5 9. Bxf5 Nxf5 10. Bg5 Qd7 11. Qd2 Rae8 12. Bf4 Bxf4 13. Qxf4 Nd6 14. Nbd2 Qf5 15. Qxf5 1/2-1/2

[Event "BCF-ch AM U1600 op"]
[Site "Hull"]
[Date "2024.07.30"]
[Round "2"]
[White "Eagle, Joe"]
[Black "Lightfoot, David"]
[Result "1/2-1/2"]
[WhiteElo "1513"]
[BlackElo "1334"]
[PlyCount "74"]
[EventDate "2024.07.29"]
[EventType "swiss"]
[EventRounds "6"]
[EventCountry "ENG"]
[SourceTitle "CBM 221 Extra"]
[Source "ChessBase"]
[SourceDate "2024.09.30"]
[SourceVersion "1"]
[SourceVersionDate "2024.09.30"]
[SourceQuality "1"]

1. e4 e5 2. Nf3 Nc6 3. Bb5 f5 4. d4 fxe4 5. Nxe5 Qf6 6. Nxc6 dxc6 7. Bc4 Bf5 8. Bf4 0-0-0 9. c3 Bd6 10. Qd2 Bxf4 11. Qxf4 g5 12. Qe3 Kb8 13. Nd2 Nh6 14. 0-0-0 Rhe8 15. h3 g4 16. Be2 b5 17. Kc2 Qe6 18. Nb3 Rd6 19. Ra1 Qc8 20. Nc5 Nf7 21. a4 a6 22. axb5 cxb5 23. hxg4 Bg6 24. Ra2 Rb6 25. Rha1 Nd6 26. Nxa6+ Kb7 27. Nc5+ Kc6 28. Ra6 Nc4 29. Bxc4 bxc4 30. Kd2 Qxg4 31. d5+ Kd6 32. Nb7+ Kxd5 33. Qd4+ Kc6 34. Nd8+ Rxd8 35. Qxd8 Qf4+ 36. Ke2 Bh5+ 37. Ke1 Qg4 1/2-1/2

[Event "BCF-ch Soanes U1750 op"]
[Site "Hull"]
[Date "2024.07.28"]
[Round "5"]
[White "Horlock, Peter J"]
[Black "Eagle, Joe"]
[Result "1/2-1/2"]
[WhiteElo "1646"]
[BlackElo "1513"]
[PlyCount "105"]
[EventDate "2024.07.26"]
[EventType "swiss"]
[EventRounds "5"]
[EventCountry "ENG"]
[SourceTitle "CBM 221 Extra"]
[Source "ChessBase"]
[SourceDate "2024.09.30"]
[SourceVersion "1"]
[SourceVersionDate "2024.09.30"]
[SourceQuality "1"]

1. e4 e6 2. d4 d5 3. exd5 exd5 4. Nf3 Bd6 5. Bd3 Ne7 6. 0-0 0-0 7. Bg5 f6 8. Bd2 Bf5 9. Be3 c6 10. Nc3 Bxd3 11. Qxd3 Nd7 12. Ne2 Qc7 13. Qd2 Ng6 14. Rac1 Nb6 15. b3 Ba3 16. Rcd1 Rfe8 17. Qd3 Rad8 18. c4 dxc4 19. bxc4 Bf8 20. Qb3 Qf7 21. d5 cxd5 22. Bxb6 dxc4 23. Qb2 Rxd1 24. Rxd1 axb6 25. Nc3 Bc5 26. Na4 Qe7 27. Nxb6 Qe2 28. Qxe2 Rxe2 29. Nxc4 Rxf2 30. Kh1 Rxa2 31. h3 b5 32. Rd5 bxc4 33. Rxc5 Ra1+ 34. Kh2 Rc1 35. Nd4 Ne5 36. Ne2 Rd1 37. Nf4 h6 38. Nd5 Rd4 39. Ne7+ Kf7 40. Nf5 Rd7 41. Ne3 Kg6 42. Nxc4 Nxc4 43. Rxc4 f5 44. Rc6+ Kh5 45. Rc5 g6 46. Rc3 g5 47. Rc6 Rd4 48. Rf6 f4 49. g4+ fxg3+ 50. Kxg3 Rd3+ 51. Kh2 Rd4 52. Kg3 Rd3+ 53. Kh2 1/2-1/2